|
|
|
|
| LEADER |
01112cam a2200253 7i4500 |
| 001 |
0000034038 |
| 005 |
20200130090000.0 |
| 008 |
110315 eng |
| 020 |
|
|
|a 1848601654
|
| 020 |
|
|
|a 9781848601659 (hbk. ; set)
|
| 090 |
0 |
0 |
|a BF637.C45
|b I26 2010
|
| 245 |
0 |
0 |
|a Interpersonal communication
|c edited by Mark L. Knapp, John A. Daly.
|
| 260 |
|
|
|a Los Angeles:
|b SAGE,
|c 2010.
|
| 300 |
|
|
|a 4 v.;
|c 25 cm.
|
| 490 |
0 |
|
|a SAGE benchmarks in communication
|
| 505 |
0 |
0 |
|a v. 1. Introduction, history and communicator characteristics -- v. 2. Processes and messages -- v. 3. Forming and maintaining relationships -- v. 4. Persuasion and competence
|
| 650 |
0 |
0 |
|a Interpersonal communication
|
| 700 |
1 |
|
|a Knapp, Mark L.
|
| 700 |
1 |
|
|a Daly, John A.
|
| 997 |
|
|
|a Communication, Visual Art & Computing, Faculty
|b Communication, Department
|
| 999 |
|
|
|a 0000046476
|b BOK
|c REFERENCE
|e Ground Floor, Bestari Jaya
|
| 999 |
|
|
|a 0000046477
|b BOK
|c REFERENCE
|e Ground Floor, Bestari Jaya
|
| 999 |
|
|
|a 0000046478
|b BOK
|c REFERENCE
|e 2nd Floor, Shah Alam
|
| 999 |
|
|
|a 0000046479
|b BOK
|c REFERENCE
|e 2nd Floor, Shah Alam
|